000 00282nam a22001337a 4500
008 170306b xxu||||| |||| 00| 0 eng d
020 _a200105
041 _aeng
080 _a575
100 _a6
101 _aSHM
245 _aCONCEPTS OF GENETICS
_cCUMMINGS, SH
942 _2udc
_cBK
999 _c6793
_d6793